000 00559nam a2200193Ia 4500
003 GCL
008 140319s9999 xx 000 0 ara d
040 _aGCL /
_cGCL
082 0 4 _a240
_bم ا
100 1 _aمحمود شلتوت
245 1 0 _aالاسلام عقيدة وشريعة /
_cمحمود شلتوت
250 _a17
260 _aالقاهرة :
_bدار الشروق ،
_c1991
300 _a550 ص ؛
_c24 سم
490 _a
650 0 4 _aالعقيدة الاسلامية
650 0 4 _aالشريعة الاسلامية
942 _2ddc
_cBK
999 _c55263
_d55263